Pays qui possédaient Milan à travers l'histoire - Statistiques

Statistiques générales
  • Ce quiz a été pris 70 fois
  • Le résultat moyen est 13 sur 26
Statistiques - réponses
Période Pays % Correct
1861 - Aujourd'hui Italie
98%
855 - 1395 Royaume d'Italie
98%
1802 - 1815 Royaume d'Italie
98%
774 - 800 Royaume des Francs
90%
-29 - 395 Empire Romain
78%
1714 - 1795 Archiduché d'Autriche
57%
1815 - 1860 Empire d'Autriche
57%
1499 - 1512 Royaume de France
52%
1515 - 1521 Royaume de France
52%
1540 - 1714 Royaume d'Espagne
52%
568 - 774 Royaume Lombard
49%
1395 - 1795 Duché de Milan
44%
-222 -/- 29 République Romaine
41%
1860 - 1861 Royaume de Piémont-Sardaigne
40%
962 - 1024 Saint Empire Romain Germanique
40%
1395 - 1499 Saint Empire Romain Germanique
40%
1512 - 1515 Saint Empire Romain Germanique
40%
1521 - 1540 Saint Empire Romain Germanique
40%
553 - 568 Empire Byzantin
38%
395 - 493 Empire Romain d'Occident
33%
493 - 553 Royaume Ostrogoth
33%
1447 - 1449 Duché de Savoie
29%
800 - 843 Empire Carolingien
22%
1795 - 1802 République Crisalpine
14%
843 - 855 Francie Médiane
13%
-IVe av. J-C. -/-222 Étrurie platane
6%
Aucun quiz correspondant
Distribution des résultats
% des personnes avec chaque résultat
Percentile par nombre de réponses
Votre historique - résultats
Vous n’avez pas pris ce quiz